Machine intelligence and autonomy for aerospace systems (Record no. 49581)
[ view plain ]
| 000 -LEADER | |
|---|---|
| fixed length control field | 00850nam a2200229 a 4500 |
| 008 - FIXED-LENGTH DATA ELEMENTS--GENERAL INFORMATION | |
| fixed length control field | 060424s1988 ||||||||||||||||| || u |
| 020 ## - INTERNATIONAL STANDARD BOOK NUMBER | |
| International Standard Book Number | 0930403487 |
| 050 ## - LIBRARY OF CONGRESS CALL NUMBER | |
| Classification number | TL 797 Mac |
| 100 ## - MAIN ENTRY--PERSONAL NAME | |
| Personal name | Lum, Henry |
| 245 10 - TITLE STATEMENT | |
| Title | Machine intelligence and autonomy for aerospace systems |
| Statement of responsibility, etc. | edited by Edward Heer |
| 260 ## - PUBLICATION, DISTRIBUTION, ETC. | |
| Place of publication, distribution, etc. | Washington, DC |
| Name of publisher, distributor, etc. | American Institute of Aeronautics and Astronautics |
| Date of publication, distribution, etc. | 1988 |
| 300 ## - PHYSICAL DESCRIPTION | |
| Extent | xv, 355 p. : ill. |
| 350 ## - PRICE (NR) (BK AM CF MU VM SE) [OBSOLETE] | |
| Price | 0.00 |
| 490 ## - SERIES STATEMENT | |
| Series statement | Progress in astronautics and aeronautics |
| 490 ## - SERIES STATEMENT | |
| Volume/sequential designation | v. 115 |
| 500 ## - GENERAL NOTE | |
| General note | Includes bibliographical references. |
| 650 ## - SUBJECT ADDED ENTRY--TOPICAL TERM | |
| Topical term or geographic name entry element | SPACE ROBOTICS |
| 650 ## - SUBJECT ADDED ENTRY--TOPICAL TERM | |
| Topical term or geographic name entry element | TEXTBOOKS |
| 650 ## - SUBJECT ADDED ENTRY--TOPICAL TERM | |
| Topical term or geographic name entry element | SPACE STATIONS - AUTOMATION |
| 700 ## - ADDED ENTRY--PERSONAL NAME | |
| Personal name | Heer, Edward |
| 995 ## - RECOMMENDATION 995 [LOCAL, UNIMARC FRANCE] | |
| -- | 0.00 |
| -- | CBU-MAIN LIBRARY (Kitwe) |
| -- | 1 |
| -- | 81.95 |
| -- | AVAILABLE |
| -- | Annex Low-Usage Collection |
| Withdrawn status | Lost status | Source of classification or shelving scheme | Damaged status | Not for loan | Home library | Current library | Shelving location | Date acquired | Total Checkouts | Full call number | Barcode | Date last seen | Price effective from | Koha item type |
|---|---|---|---|---|---|---|---|---|---|---|---|---|---|---|
| CBU-MAIN LIBRARY, KITWE. | CBU-MAIN LIBRARY, KITWE. | 11/30/2022 | TL 797 Mac | 015798 | 11/30/2022 | 11/30/2022 | MONOGRAPH |